A 5x5 Harry Potter Logic Puzzle Quiz Stats

 Plays Quiz not verified by Sporcle

Support Sporcle.
Go Orange.
Score 0/25 Timer 20:00
0 Plays Today
Box Character % Correct
C3







???
100%
A5







???
71.4%
C1







???
58.5%
E5







???
50.5%
A2







???
41.3%
D2







???
32%
E3







???
31.3%
C4







???
27.9%
B2







???
26.7%
A4







???
26.2%
A1







???
24.6%
B1







???
24.3%
B5







???
22.8%
Box Character % Correct
B4







???
21.3%
E2







???
19.5%
D3







???
19.4%
B3







???
18.9%
C2







???
15.1%
E4







???
13.8%
E1







???
13.8%
C5







???
10.5%
D1







???
10.2%
D5







???
10%
A3







???
9.9%
D4







???
9.9%

You're not logged in!

Compare scores with friends on all Sporcle quizzes.
OR
Log In

From the Vault

Ten Group Blitz: Sports

by petenge

It's like a trivia decathlon.
Remove Ads.
Support Sporcle.
Get the best of Sporcle when you Go Orange. This ad-free experience offers more features, more stats, and more fun while also helping to support Sporcle. Thank you for becoming a member.

Show Comments

Extras

Top Quizzes Today


Score Distribution

Your Account Isn't Verified!

In order to create a playlist on Sporcle, you need to verify the email address you used during registration. Go to your Sporcle Settings to finish the process.

Report this User

Report this user for behavior that violates our Community Guidelines.

Details: